000 00883nam a2200277Ia 4500
003 OSt
005 20220912145136.0
006 a|||||r|||| 00| 0
007 ta
008 220909b |||||||| |||| 00| 0 eng d
024 _a71367
037 _b1888, 28/03/2007, Unilib Book Distributors
037 _cTextual
040 _aCSL
_beng
_cCSL
041 _aeng
082 _aG:33;150z7, J5
100 _aMcelroy William D Ed.
111 _aSymposium (1956 : Baltimore)
245 0 _aInroganic nitrogen metabolism: Function of metallo-flavoproteins
260 _aBaltimore
_bJohns Hopkins press
_c1955
300 _axiii,728p. ill
_ccm.
650 _aPhysiology
700 _a Glass Bentley Ed.
942 _hG:33;150z7, J5
_cTEXL
_2CC
999 _c24297
_d24297